000 00221nam a22000857a 4500
008 160915b xxu||||| |||| 00| 0 eng d
100 _9524
_aAggarwal.R.S
245 _aMathematics-7
260 _aNew Delhi
_bB.B. publications
_c2012
999 _c3181
_d3181